|
|
|
|
| LEADER |
00000nas a22000007a 4500 |
| 001 |
ssj0001330596 |
| 003 |
WaSeSS |
| 005 |
20200512172242.0 |
| 006 |
m d |
| 007 |
cr n |
| 008 |
120430c20129999nyufr p s | a0eng |
| 010 |
|
|
|a 2012203054
|
| 022 |
|
|
|a 2167-5120
|y 2167-5139
|
| 035 |
|
|
|a (WaSeSS)ssj0001330596
|
| 037 |
|
|
|b Vendome Group, LLC, PO Box 2177, Skokie, IL 60076-7877
|c free to qualified readers
|
| 040 |
|
|
|a DLC
|b eng
|c DLC
|d DLC
|d OCLCQ
|d OCLCO
|d OCLCQ
|d U3W
|d DKU
|d OCLCO
|d OCLCF
|d WaSeSS
|
| 042 |
|
|
|a pcc
|a nsdp
|
| 082 |
1 |
0 |
|a 725
|2 14
|
| 210 |
0 |
|
|a Environ. aging
|b (Online)
|
| 222 |
|
0 |
|a Environments for aging
|b (Online)
|
| 245 |
0 |
0 |
|a Environments for aging
|h [electronic resource].
|
| 246 |
1 |
|
|a EFA
|
| 260 |
|
|
|a New York, NY :
|b Vendome Group, LLC
|
| 310 |
|
|
|a Twice a year
|
| 362 |
1 |
|
|a Began with spring 2012.
|
| 500 |
|
|
|a Issued as a supplement to: Long-term living.
|
| 506 |
|
|
|a License restrictions may limit access.
|
| 588 |
|
|
|a Description based on: Spring 2012; title from pdf cover pg. (ltlmagazine.com, viewed Apr. 30, 2012).
|
| 588 |
|
|
|a Latest issue consulted: Spring 2012 (viewed Apr. 30, 2012).
|
| 650 |
|
0 |
|a Architecture
|v Periodicals.
|
| 650 |
|
7 |
|a Architecture.
|2 fast
|0 (OCoLC)fst00813346
|
| 655 |
|
0 |
|a Electronic journals.
|
| 710 |
2 |
|
|a Vendome Group.
|
| 730 |
0 |
|
|a Long-term living.
|
| 772 |
1 |
|
|t Long-term living (Online)
|
| 776 |
0 |
8 |
|t Environments for aging
|x 2167-5139
|w (DLC) 2012203055
|w (OCoLC)792745810
|
| 780 |
0 |
0 |
|t Design (Online)
|
| 856 |
4 |
0 |
|z Full text available from Research Library: 01/01/2017 to present
|u https://search.proquest.com/publication/2046432
|
| 856 |
4 |
0 |
|z Full text available from Research Library: 11/01/2017 to present
|u https://search.proquest.com/publication/2046441
|